Países Com Armamento Nuclear - Statistics

Estatísticas Gerais
  • Esse quiz foi jogado 62 vezes
  • A pontuação média é 8 de 9
Estatísticas das Respostas
Ogivas ativas/total Resposta % Correto
1600/6500 Estados Unidos
100%
1600/6850 Rússia
100%
n.a/260 China
98%
n.a/130-140 Índia
95%
290/300 França
89%
n.a/20-30 Coreia do Norte
88%
120/215 Reino Unido
86%
n.a/80 Israel
84%
n.a/140-150 Paquistão
81%
Nenhum quiz correspondente encontrado
Distribuição das Pontuações
Porcentagem de Pessoas com Cada Pontuação
Percentil de Números Respondidos
Sua Pontuação Histórica
Você não jogou esse quiz